MARC

LEADER 00000nam0a2200000 4500
001 258625
005 20231101233320.0
035 |a (RuTPU)RU\TPU\book\281513 
090 |a 258625 
100 |a 20140426d1987 k y0rusy50 ca 
101 0 |a rus 
102 |a RU 
105 |a ac z 000zb 
200 1 |a Леонид Коган. Воспоминания. Письма. Статьи. Интервью  |f Московская государственная консерватория им. П. И. Чайковского ; под ред. В. Ю. Григорьева 
210 |a Москва  |c Советский композитор  |d 1987 
215 |a 256 с.  |c ил. 
600 1 |a Коган  |b Л. Б.  |c советский скрипач  |f 1924-1982  |g Леонид Борисович  |2 stltpush  |3 (RuTPU)RU\TPU\pers\33405 
606 1 |a Скрипичная музыка  |2 stltpush  |3 (RuTPU)RU\TPU\subj\55075  |9 73147 
610 1 |a музыка 
610 1 |a музыкальные деятели 
610 1 |a скрипичное искусство 
610 1 |a музыканты 
675 |a 787  |v 3 
702 1 |a Григорьев  |b В. Ю.  |4 340 
712 0 2 |a Московская государственная консерватория им. П. И. Чайковского  |2 stltpush  |3 (RuTPU)RU\TPU\col\13664  |9 25741 
801 1 |a RU  |b 63413507  |c 20140426 
801 2 |a RU  |b 63413507  |c 20160318  |g RCR 
942 |c BK